Puisses tu - Paroles - Jean-Louis Aubert - Statistiques

Statistiques générales
  • Ce quiz a été pris 6 fois
  • Le résultat moyen est 109 sur 176
Statistiques - réponses
Réponse % Correct
à
100%
de
100%
es
100%
Puisses-tu
100%
Tu
100%
tu
100%
aimer
80%
continuer
80%
des
80%
Et
80%
et
80%
la
80%
le
80%
les
80%
nus
80%
Qui
80%
qui
80%
sans
80%
vivre
80%
aussi
60%
ces
60%
connaitras
60%
déraison
60%
enfants
60%
jusqu'à
60%
sourire
60%
tous
60%
tout
60%
verras
60%
chagrins
40%
dans
40%
est
40%
femmes
40%
foison
40%
même
40%
nuits
40%
parfois
40%
passion
40%
quand
40%
que
40%
rêver
40%
rire
40%
tes
40%
vers
40%
vu
40%
amer
20%
ca
20%
croiseras
20%
d'avoir
20%
d'eau
20%
déjà
20%
désillusion
20%
douleurs
20%
entendras
20%
frisera
20%
fruits
20%
goût
20%
goûteras
20%
inconnus
20%
leur
20%
l'impudeur
20%
micros
20%
monde
20%
mondes
20%
partage
20%
peu
20%
pire
20%
pleurs
20%
puiser
20%
puits
20%
sourciller
20%
s'ras
20%
sûre
20%
tendus
20%
un
20%
venir
20%
bassesse
0%
demandes
0%
l'agression
0%
parole
0%
raison
0%
simplement
0%
trahison
0%
Aucun quiz correspondant
Distribution des résultats
% des personnes avec chaque résultat
Percentile par nombre de réponses
Votre historique - résultats
Vous n’avez pas pris ce quiz